000 00301nam a2200109 a 4500
005 20140408090011.0
008 021114s19uu xx 00 eng d
050 _aPGS '99
_bALA #3
100 _aAl-Awad, Sarah C.
245 _aA Study on the importance of learning arts education in SIS.
942 _cPASS
999 _c96151
_d96151